| 000 | 00671 a2200265 4500 | ||
|---|---|---|---|
| 001 | 200424836 | ||
| 999 |
_c200424836 _d41285 |
||
| 003 | TR-AnTOB | ||
| 005 | 20230821093712.0 | ||
| 008 | 160803b tu qn0p 0 0 d | ||
| 022 | _a1308-9498 | ||
| 040 | _aTRTET | ||
| 041 | _atur | ||
| 099 | _aJOURNAL SERB M | ||
| 222 | 0 | _aSerbest mimar | |
| 245 | 0 | 0 | _aSerbest mimar. |
| 264 |
_aAnkara : _bTürk Serbest Mimarlar Derneği, |
||
| 310 | _aQuarterly. | ||
| 336 |
_atext _2rdacontent |
||
| 337 |
_aunmediated _2rdamedia |
||
| 338 |
_avolume _2rdacarrier |
||
| 650 | 0 |
_aArchitecture _vPeriodicals _981497 |
|
| 650 | 0 |
_aMimari _zTürkiye _vSüreli yayınlar _982207 |
|
| 942 | _cCR | ||